000 00802nam a2200241 4500
001 122404
003 ES-MaACL
005 20230906191954.0
007 t|
008 070214s1957 sp |||| |bspa d
080 _a821.134.2 Gaspar, Enrique 1.06
080 _a929 Gaspar, Enrique
100 1 _aPoyán Díaz, Daniel.
_993515
245 1 0 _aEnrique Gaspar :
_bmedio siglo de teatro español /
_cDaniel Poyán Díaz.
260 _aMadrid :
_bGredos,
_c[1957]
300 _a2 v.: 1 lám. ;
_c20 cm.
490 1 _aBiblioteca románica hispánica II. Estudios y Ensayos
599 _aLám.: retr. de Enrique Gaspar.
600 1 4 _aGaspar, Enrique.
_955881
830 1 _aBiblioteca románica hispánica II. Estudios y Ensayos
_9178108
852 _aES-MaACL
_jC-13810-11
999 _c122404
_d122404